000 00684nam a2200253Ia 4500
003 OSt
005 20220918165859.0
006 a|||||r|||| 00| 0
007 ta
008 220917b |||||||| |||| 00| 0 eng d
020 _a8177021311 (hb)
024 _a230,678
037 _cTextual
040 _aARTS
_cARTS
_beng
041 _2eng
_aeng
082 _a/\2:36, P6 (TTPS)
100 _aDash Kehab Chandra
_925904
245 0 _aSpiritual attainment
260 _aDelhi
_bPratibha Prakashan India
_c2006
300 _ax, 142p.
_ccm.
650 _aSPIRITUALISM
942 _h/\2:36, P6 (TTPS)
_cTEXL
_2CC
999 _c131512
_d131512